000 00862nmm a2200301 a 4500
003 AR-X00000XY
005 20251128212029.0
008 187020s1969 ||||||||||||||000 | spa||
040 _cAR-X00000XY
245 1 0 _aAnthologie de la nouvelle poésie française
260 _aParis
_bLibrairie Saint-Germain-des-Prés, Editeur
_c1969
300 0 _a122 p.
500 0 _aCon firma y anotaciones manuscritas de Alejandra Pizarnik
600 1 4 _aBachelin, Christian
600 1 4 _aBiga, Daniel
600 1 4 _aBreton, Jean
600 1 4 _aChambelland, Guy
600 1 4 _aDubacq, Jean
600 1 4 _aMartin, Yves
600 1 4 _aValin, Jean-Claude
600 1 4 _aVenaille, Franck
600 1 4 _aVincensini, Paul
655 _aLITERATURA
700 1 _aGelin, Daniel
_eprologuista
700 1 _aRousselot, Jean
_eprologuista
942 _cBK
998 _cmartin
999 _c22161
_d22161